Normal view
MARC view
Entry Personal Name
001 - CONTROL NUMBER
- control field: 7122
003 - CONTROL NUMBER IDENTIFIER
- control field: OSt
005 - DATE AND TIME OF LATEST TRANSACTION
- control field: 20211028144004.0
008 - FIXED-LENGTH DATA ELEMENTS
- fixed length control field: 211028|| aca||aabn | a|a d
040 ## - CATALOGING SOURCE
- Original cataloging agency: OSt
- Transcribing agency: OSt
100 ## - HEADING--PERSONAL NAME
- Personal name: M, Anees; Mascarenhas S J, Oswald.
- Miscellaneous information: 1216006
670 ## - SOURCE DATA FOUND
- Source citation: Work cat.: (OSt): M, Anees; Mascarenhas S J, Oswald. 1216006, Study on declining market share of tata pickup truck with special reference to arvind motors ltd Mangalore., 2014